| 000 -LEADER |
| fixed length control field |
01334 a2200265 4500 |
| 003 - CONTROL NUMBER IDENTIFIER |
| control field |
Nust |
| 005 - DATE AND TIME OF LATEST TRANSACTION |
| control field |
20220819114729.0 |
| 010 ## - LIBRARY OF CONGRESS CONTROL NUMBER |
| LC control number |
2001057519 |
| 020 ## - INTERNATIONAL STANDARD BOOK NUMBER |
| International Standard Book Number |
0470845198 (alk. paper) |
| 040 ## - CATALOGING SOURCE |
| Transcribing agency |
Nust |
| 082 00 - DEWEY DECIMAL CLASSIFICATION NUMBER |
| Classification number |
621.38456,BLO |
| 100 1# - MAIN ENTRY--PERSONAL NAME |
| Personal name |
Blogh, J. S. |
| 9 (RLIN) |
98247 |
| 245 10 - TITLE STATEMENT |
| Title |
Third-generation systems and intelligent wireless networking : |
| Remainder of title |
smart antennas and adaptive modulation / |
| Statement of responsibility, etc. |
J.S. Blogh, L. Hanzo. |
| 260 ## - PUBLICATION, DISTRIBUTION, ETC. |
| Place of publication, distribution, etc. |
[New York?] : |
| Name of publisher, distributor, etc. |
IEEE Press ; |
| Place of publication, distribution, etc. |
Chichester, West Sussex ; |
| -- |
New York : |
| Name of publisher, distributor, etc. |
Wiley, |
| Date of publication, distribution, etc. |
c2002. |
| 300 ## - PHYSICAL DESCRIPTION |
| Extent |
xxi, 413 p. : |
| Other physical details |
ill. ; |
| Dimensions |
25 cm. |
| 505 ## - FORMATTED CONTENTS NOTE |
| Formatted contents note |
Third –Generation CDMA Systems (Page-1), Burst-by Burst Adaptive Wireless Transceivers (Page-89), Intelligent Antenna arrays and Beam forming (Page-123), Adaptive Arrays in Cellular Network (Page-193), UTRA Adaptive Arrays and Adaptive Modulation (Page-295), Conclusions and Further Research (Page-361). |
| 650 #0 - SUBJECT ADDED ENTRY--TOPICAL TERM |
| Topical term or geographic name entry element |
Adaptive antennas. |
| 9 (RLIN) |
605 |
| 650 #0 - SUBJECT ADDED ENTRY--TOPICAL TERM |
| Topical term or geographic name entry element |
Cellular telephone systems. |
| 9 (RLIN) |
94584 |
| 650 #0 - SUBJECT ADDED ENTRY--TOPICAL TERM |
| Topical term or geographic name entry element |
Global system for mobile communications. |
| 9 (RLIN) |
55579 |
| 650 #0 - SUBJECT ADDED ENTRY--TOPICAL TERM |
| Topical term or geographic name entry element |
Modulation (Electronics) |
| 9 (RLIN) |
98248 |
| 700 1# - ADDED ENTRY--PERSONAL NAME |
| Personal name |
Hanzo, Lajos, |
| Dates associated with a name |
1952- |
| 9 (RLIN) |
98249 |
| 856 42 - ELECTRONIC LOCATION AND ACCESS |
| Materials specified |
Publisher description |
| Uniform Resource Identifier |
<a href="http://www.loc.gov/catdir/description/wiley037/2001057519.html">http://www.loc.gov/catdir/description/wiley037/2001057519.html</a> |
| 856 42 - ELECTRONIC LOCATION AND ACCESS |
| Materials specified |
Table of contents |
| Uniform Resource Identifier |
<a href="http://www.loc.gov/catdir/toc/wiley022/2001057519.html">http://www.loc.gov/catdir/toc/wiley022/2001057519.html</a> |
| 942 ## - ADDED ENTRY ELEMENTS (KOHA) |
| Koha item type |
Reference |
| Source of classification or shelving scheme |
|